| 000 | 02052nam0a2200409 4500 | ||
|---|---|---|---|
| 001 | RU\NLR\BIBL_A\010190506 | ||
| 005 | 201404251816 | ||
| 010 |
_a978-5-4468-0681-2 _9500 |
||
| 021 |
_aRU _b13-101810 |
||
| 035 | _a(NLR Aleph) 010190506 | ||
| 035 | _a(NILC)RuMoRGB-006713486 | ||
| 090 |
_a10194966 _c10194966 |
||
| 100 | _a20140213d2014 u y0rusy50 ca | ||
| 101 | 0 | _arus | |
| 102 | _aRU | ||
| 105 | _aac||j|||||0|| | ||
| 200 | 1 |
_aБиология _eучебник для студентов учреждений высшего образования, обучающихся по направлениям "Биология", "География", "Экология и природопользование", "Гидрометеорология" _fС.Г. Мамонтов, В.Б. Захаров, Т.А. Козлова _gпод ред. акад. РАЕН, проф. С.Г. Мамонтова |
|
| 205 | _a5-е изд., стер. | ||
| 210 |
_aМосква _cАкадемия _d2014 _d[т.е. 2013] |
||
| 215 |
_a505, [1] с. _cил., портр. _d22 |
||
| 225 | 1 | _aУчебник | |
| 225 | 1 |
_aВысшее образование _iЕстественные науки |
|
| 225 | 1 | _aБакалавриат | |
| 300 | _aФактическая дата выхода в свет - 2013 | ||
| 606 | 1 |
_aБиология _jУчебники для высших учебных заведений _2nlr_sh1 _2nlr_sh2 _3RU\NLR\AUTH\664781 |
|
| 686 | 1 | _aЕ.я73-1 | |
| 700 | 1 |
_aМамонтов _bС. Г. _gСергей Григорьевич _4070 _4340 |
|
| 701 | 1 |
_aЗахаров _bВ. Б. _cд-р пед. наук, биолог _gВладимир Борисович _3RU\NLR\AUTH\7730676 |
|
| 701 | 1 |
_aКозлова _bТ. А. _cканд. пед. наук _gТатьяна Александровна _3RU\NLR\AUTH\7724031 |
|
| 801 | 0 |
_aRU _bRuMoRKP _c20110926 _gRCR |
|
| 801 | 1 |
_aRU _bRuMoRKP _c20110926 _2rusmarc |
|
| 801 | 2 |
_aRU _bРГБ _c20131219 _grcr |
|
| 942 | _cBOOK | ||
| 980 | _aNBR | ||
| 980 | _aNB | ||